Group-theoretical methods for integration of nonlinear dynamical systems by A N Leznov and M V Saveliev. Tr from the Russion by D A Leites (Record no. 1211537)

MARC details
000 -LEADER
fixed length control field 01039nam a2200301Ia 4500
003 - CONTROL NUMBER IDENTIFIER
control field OSt
005 - DATE AND TIME OF LATEST TRANSACTION
control field 20221007123219.0
008 - FIXED-LENGTH DATA ELEMENTS--GENERAL INFORMATION
fixed length control field 221006b |||||||| |||| 00| 0 eng d
020 ## - INTERNATIONAL STANDARD BOOK NUMBER
International Standard Book Number 3764326158 (Basel:hbd)
037 ## - SOURCE OF ACQUISITION
Terms of availability Textual
040 ## - CATALOGING SOURCE
Original cataloging agency PAPL
Transcribing agency PAPL
Language of cataloging eng
041 ## - LANGUAGE CODE
Source of code eng
Language code of text/sound track or separate title eng
100 ## - MAIN ENTRY--PERSONAL NAME
Personal name Leznov A N
9 (RLIN) 716864
245 #0 - TITLE STATEMENT
Title Group-theoretical methods for integration of nonlinear dynamical systems by A N Leznov and M V Saveliev. Tr from the Russion by D A Leites
Remainder of title Saveliev M V
260 ## - PUBLICATION, DISTRIBUTION, ETC.
Place of publication, distribution, etc. Basel
Name of publisher, distributor, etc. Birkhauser Verlag
Date of publication, distribution, etc. 1992
300 ## - PHYSICAL DESCRIPTION
Extent xvii,290p
Dimensions cm.
490 ## - SERIES STATEMENT
Series statement Progress in physics; 15
500 ## - GENERAL NOTE
General note Bibliography 283-290p; ^mPurchase; ^c1996-11-21^r1996-12-19
650 ## - SUBJECT ADDED ENTRY--TOPICAL TERM
Topical term or geographic name entry element Group theory irt Nonlinear dynamical systems
9 (RLIN) 716865
650 ## - SUBJECT ADDED ENTRY--TOPICAL TERM
Topical term or geographic name entry element Mathematics
700 ## - ADDED ENTRY--PERSONAL NAME
Personal name Saveliev M V
9 (RLIN) 716866
942 ## - ADDED ENTRY ELEMENTS (KOHA)
Classification part B270k7:355, N2
Koha item type Textual
Source of classification or shelving scheme Colon Classification (CC)
Holdings
Withdrawn status Lost status Source of classification or shelving scheme Damaged status Not for loan Home library Current library Date acquired Total Checkouts Full call number Barcode Date last seen Price effective from Koha item type
    Colon Classification (CC)     Department of Physics and Astrophysics Library Department of Physics and Astrophysics Library 2022-10-07   B270k7:355 N2 PA0005061 2022-10-07 2022-10-07 Textual
Copyright @ Delhi University Library System